DERUAN ADRENALIN : (Record no. 178172)

MARC details
000 -LEADER
fixed length control field 01411pam a2200409 i 4500
001 - CONTROL NUMBER
control field vtls000707292
003 - CONTROL NUMBER IDENTIFIER
control field PNM
005 - DATE AND TIME OF LATEST TRANSACTION
control field 20200714144827.0
008 - FIXED-LENGTH DATA ELEMENTS--GENERAL INFORMATION
fixed length control field 160506t20132011my ao j 001 0 may
015 ## - NATIONAL BIBLIOGRAPHY NUMBER
National bibliography number M14-00327
020 ## - INTERNATIONAL STANDARD BOOK NUMBER
International Standard Book Number 9789674302146
Qualifying information paperback
039 #9 - LEVEL OF BIBLIOGRAPHIC CONTROL AND CODING DETAIL [OBSOLETE]
Level of rules in bibliographic description 201605061137
Level of effort used to assign nonsubject heading access points VLOAD
Level of effort used to assign subject headings 201604260959
Level of effort used to assign classification VLOAD
Level of effort used to assign subject headings 201402171014
Level of effort used to assign classification irfah
Level of effort used to assign subject headings 201401301517
Level of effort used to assign classification amy_z
040 ## - CATALOGING SOURCE
Original cataloging agency BNM
Language of cataloging eng
Transcribing agency BNM
Description conventions rda
Modifying agency PPAK
041 1# - LANGUAGE CODE
Language code of text/sound track or separate title may
Language code of original eng
049 ## - LOCAL HOLDINGS (OCLC)
Holding library mal
082 04 - DEWEY DECIMAL CLASSIFICATION NUMBER
Classification number 796.939
Edition number 23
090 00 - LOCALLY ASSIGNED LC-TYPE CALL NUMBER (OCLC); LOCAL CALL NUMBER (RLIN)
Classification number (OCLC) (R) ; Classification number, CALL (RLIN) (NR) 796.939
Feature heading THO
Feature heading K
100 1# - MAIN ENTRY--PERSONAL NAME
Personal name Thorpe, Yvonne,
Relator term author.
245 10 - TITLE STATEMENT
Title DERUAN ADRENALIN :
Remainder of title LUNCUR PAPAN SALJI /
Statement of responsibility, etc. YVONNE THORPE ; Penterjemah Ani Izzuani Mohd Kassim
264 #1 - PRODUCTION, PUBLICATION, DISTRIBUTION, MANUFACTURE, AND COPYRIGHT NOTICE
Place of production, publication, distribution, manufacture Kuala Lumpur :
Name of producer, publisher, distributor, manufacturer INSTITUT TERJEMAHAN & BUKU MALAYSIA BERHAD,
Date of production, publication, distribution, manufacture, or copyright notice 2013
Date of production, publication, distribution, manufacture, or copyright notice ©2011
300 ## - PHYSICAL DESCRIPTION
Extent 32 pages :
Other physical details colour photographs ;
Dimensions 27 cm
336 ## - CONTENT TYPE
Content type term text
Source rdacontent
337 ## - MEDIA TYPE
Media type term unmediated
Source rdamedia
338 ## - CARRIER TYPE
Carrier type term volume
Source rdacarrier
490 1# - SERIES STATEMENT
Series statement SIRI SUKAN LASAK ITBM
500 ## - GENERAL NOTE
General note Includes index
650 10 - SUBJECT ADDED ENTRY--TOPICAL TERM
Topical term or geographic name entry element Snowboarding
Form subdivision Juvenile literature
Topical term or geographic name entry element Winter sports
Form subdivision Juvenile literature
700 0# - ADDED ENTRY--PERSONAL NAME
Personal name Ani Izzuani Mohd Kassim,
Relator term translator.
Relationship information Translation of:
Personal name Thorpe, Yvonne.
Title of a work Adrenalin rush : Snowboarding
765 0# - ORIGINAL LANGUAGE ENTRY
Main entry heading a Thorpe, Yvonne.
Title Adrenalin rush : Snowboarding.
Place, publisher, and date of publication Franklin Watts
830 #0 - SERIES ADDED ENTRY--UNIFORM TITLE
Uniform title Siri sukan lasak ITBM
942 ## - ADDED ENTRY ELEMENTS (KOHA)
Source of classification or shelving scheme Dewey Decimal Classification
Koha item type Book
949 ## - LOCAL PROCESSING INFORMATION (OCLC)
6 2000080022
6 2000080021
Holdings
Withdrawn Not for loan Current library Shelving location Date acquired Full call number Barcode Date last seen Koha item type
    Perpustakaan Langkawi Pinjaman Kanak-kanak 28/07/2020 K 796.939 THO A00739383 28/07/2020 Book